[Event "Forni di Sopra op 14th"]
[Site "Forni di Sopra"]
[Date "2023.06.11"]
[Round "2"]
[White "Vincenti, Leonardo"]
[Black "Cluyts, Marc"]
[Result "1-0"]
[WhiteElo "2052"]
[BlackElo "1915"]
[PlyCount "65"]
[EventDate "2023.06.10"]
[EventType "swiss"]
[EventRounds "9"]
[EventCountry "ITA"]
[SourceTitle "CBM 214 Extra"]
[Source "ChessBase"]
[SourceDate "2023.07.31"]
[SourceVersion "1"]
[SourceVersionDate "2023.07.31"]
[SourceQuality "1"]

1. e4 e5 2. Nf3 Nc6 3. d4 exd4 4. Nxd4 Nf6 5. Nc3 Bb4 6. Nxc6 bxc6 7. Bd3 d5 8. exd5 cxd5 9. 0-0 0-0 10. Bg5 c6 11. Qf3 Rb8 12. h3 Be6 13. Ne2 h6 14. Bh4 Be7 15. b3 Rb4 16. Bg3 Rb8 17. Bh4 Rb4 18. Bg3 Ne4 19. Bf4 Bf6 20. Rad1 Ng5 21. Qg3 Ne4 22. Qh2 g5 23. a3 gxf4 24. axb4 f3 25. Nf4 Ng5 26. h4 Nh7 27. Qg3+ Kh8 28. Qxf3 Bxh4 29. Qh5 Qf6 30. Nxe6 fxe6 31. g3 Rg8 32. Kh2 Ng5 33. Be2 1-0

[Event "Arco op 43rd"]
[Site "Arco"]
[Date "2021.10.15"]
[Round "7"]
[White "Cluyts, Marc"]
[Black "Leutwyler, Martin"]
[Result "0-1"]
[WhiteElo "1959"]
[BlackElo "2098"]
[PlyCount "50"]
[EventDate "2021.10.09"]
[EventType "swiss"]
[EventRounds "9"]
[EventCountry "ITA"]
[SourceTitle "CBM 204 Extra"]
[Source "ChessBase"]
[SourceDate "2021.11.30"]
[SourceVersion "1"]
[SourceVersionDate "2021.11.30"]
[SourceQuality "1"]

1. e4 c6 2. d4 d5 3. exd5 cxd5 4. Bd3 Nc6 5. c3 Qc7 6. Ne2 Bg4 7. f3 Bd7 8. Bf4 e5 9. dxe5 Nxe5 10. Bc2 Nf6 11. Qd4 Bd6 12. Nd2 0-0 13. 0-0-0 Rfe8 14. Rhe1 Bc5 15. Bxe5 Rxe5 16. Qf4 Bf2 17. Rf1 Nh5 18. Qxe5 Qxe5 19. Rxf2 Qe3 20. Rdf1 Bb5 21. Nd4 Bxf1 22. Rxf1 Nf4 23. Nf5 Nd3+ 24. Bxd3 Qxd3 25. Nd4 b5 0-1

[Event "Arco op 41st"]
[Site "Arco"]
[Date "2019.10.06"]
[Round "3"]
[White "Mueller, Markus2222"]
[Black "Cluyts, Marc"]
[Result "1/2-1/2"]
[WhiteElo "1716"]
[BlackElo "1934"]
[PlyCount "33"]
[EventDate "2019.10.04"]
[EventType "swiss"]
[EventRounds "9"]
[EventCountry "ITA"]
[SourceTitle "EXT 2020"]
[Source "ChessBase"]
[SourceDate "2019.10.17"]
[SourceVersion "1"]
[SourceVersionDate "2019.10.17"]
[SourceQuality "1"]

1. c4 e5 2. Nc3 Nc6 3. Nf3 d6 4. g3 Be6 5. d3 g6 6. Bg2 Bg7 7. Ng5 Bd7 8. Rb1 h6 9. Nf3 Nf6 10. Bd2 0-0 11. 0-0 Be6 12. b4 Qd7 13. Qc1 Kh7 14. b5 Ne7 15. Ne1 Rfb8 16. a4 Bh3 17. a5 1/2-1/2

[Event "Arco op-A 39th"]
[Site "Arco"]
[Date "2017.10.14"]
[Round "8"]
[White "Cluyts, Marc"]
[Black "Moro, Roberto"]
[Result "1-0"]
[WhiteElo "1968"]
[BlackElo "1657"]
[PlyCount "27"]
[EventDate "2017.10.07"]
[EventType "swiss"]
[EventRounds "9"]
[EventCountry "ITA"]
[SourceTitle "CBM 181 Extra"]
[Source "ChessBase"]
[SourceDate "2017.12.12"]
[SourceVersion "1"]
[SourceVersionDate "2017.12.12"]
[SourceQuality "1"]

1. e4 c5 2. Nc3 Nc6 3. f4 e5 4. Nf3 d6 5. Bb5 exf4 6. d4 cxd4 7. Qxd4 Nf6 8. 0-0 Qb6 9. Qxb6 axb6 10. Bxf4 Be7 11. Rad1 0-0 12. Bxd6 Bxd6 13. Rxd6 Nb4 14. Nd4 1-0

[Event "BEL-ch op"]
[Site "Lommel"]
[Date "2012.07.08"]
[Round "9"]
[White "Cluyts, Marc"]
[Black "Barbier, Wim"]
[Result "1/2-1/2"]
[WhiteElo "1942"]
[BlackElo "2148"]
[PlyCount "129"]
[EventDate "2012.06.30"]
[EventType "swiss"]
[EventRounds "9"]
[EventCountry "BEL"]
[SourceTitle "EXT 2013"]
[Source "ChessBase"]
[SourceDate "2012.11.22"]
[SourceVersion "1"]
[SourceVersionDate "2012.11.22"]
[SourceQuality "1"]

1. e4 d6 2. d4 Nf6 3. Nc3 e5 4. Nf3 Nbd7 5. Bc4 Be7 6. a4 0-0 7. 0-0 c6 8. Ba2 a5 9. h3 Qc7 10. Re1 exd4 11. Nxd4 Nc5 12. Bf4 Ne6 13. Nxe6 Bxe6 14. Bxe6 fxe6 15. e5 Nd5 16. Nxd5 exd5 17. Qg4 Kh8 18. Re3 dxe5 19. Bxe5 Bd6 20. Rae1 Bxe5 21. Rxe5 Qf7 22. Qe2 Qf6 23. c3 h6 24. Qe3 Rf7 25. Re6 Qf4 26. Qxf4 Rxf4 27. Re7 Rxa4 28. Rxb7 Re4 29. Rxe4 dxe4 30. Kf1 a4 31. Rb6 Kh7 32. Ke2 Rd8 33. Ke3 Rd1 34. Rxc6 Re1+ 35. Kd2 Rf1 36. Ke2 Rb1 37. Ra6 Rxb2+ 38. Ke3 Ra2 39. c4 a3 40. Kxe4 Rc2 41. Kd3 Rxf2 42. Rxa3 Rxg2 43. Kd4 Kg6 44. Rf3 Kh5 45. c5 Rd2+ 46. Rd3 Ra2 47. c6 Ra8 48. Kc5 Kh4 49. c7 Rc8 50. Kb6 g5 51. Kb7 Rxc7+ 52. Kxc7 h5 53. Kd6 g4 54. hxg4 Kxg4 55. Ke5 h4 56. Rd8 h3 57. Rh8 Kg3 58. Rg8+ Kf3 59. Rh8 Kg2 60. Kf4 h2 61. Rg8+ Kh3 62. Rg3+ Kh4 63. Rg8 Kh3 64. Rh8+ Kg2 65. Rxh2+ 1/2-1/2